000 00406nam a2200157Ia 4500
008 230917s9999||||xx |||||||||||||| ||und||
040 _e75422
_aMAIN
041 _aEnglish
082 _a658.787 T279P
100 _aTersine, Richard J
245 0 _aPrinciples of inventory and materials management
250 _a2nd ed.
260 _aNew York
_bNorth-Holland
_c1982
300 _axi, 477 p.
942 _cBK
999 _c39417
_d39417